[Event "TCh-FRA Top 16 GpB 2023"]
[Site "Chartres FRA"]
[Date "2023.06.01"]
[Round "1.1"]
[Board "1"]
[White "Laurent-Paoli, Pierre"]
[Black "Van Foreest, Jorden"]
[Result "0-1"]
[WhiteTitle "IM"]
[BlackTitle "GM"]
[WhiteElo "2552"]
[BlackElo "2695"]
[WhiteTeam "Marseille Echecs"]
[BlackTeam "Clichy Echecs 92"]
[WhiteFideId "26017962"]
[BlackFideId "1039784"]
[EventDate "2023.06.01"]

1. e4 c5 2. c4 Nc6 3. Ne2 Nf6 4. Nbc3 e6 5. d4 d5 6. exd5 exd5 7. Be3 dxc4 8.
dxc5 Qa5 9. Nd4 Bxc5 10. Bxc4 Bxd4 11. Bxd4 Bg4 12. Bxf7+ Kxf7 13. Qb3+ Kg6 14.
Bxf6 Rhe8+ 15. Kf1 gxf6 16. Qxb7 Rac8 17. h3 Be6 18. Kg1 Bc4 19. Qd7 Ne5 20. Qd4
Qb6 21. Qxb6 axb6 22. Kh2 Nd3 23. f3 Ba6 24. Rab1 Re6 25. Nd5 Rc2 26. Rbd1 Kf7
27. Rhg1 Re5 28. Nc3 Kg6 29. a4 Rxb2 30. Rb1 Rc5 31. Rxb2 Nxb2 32. Ne4 Rc2 33.
Ra1 Bb7 34. a5 bxa5 35. Rxa5 Nd3 36. h4 Bxe4 37. fxe4 h5 38. Kg3 Nc5 39. Ra8
Nxe4+ 40. Kf4 Nc5 41. Rg8+ Kh7 42. Re8 Rxg2 43. Kf5 Rf2# 0-1

[Event "TCh-FRA Top 16 GpB 2023"]
[Site "Chartres FRA"]
[Date "2023.06.01"]
[Round "1.1"]
[Board "2"]
[White "Maghsoodloo, Parham"]
[Black "Espinosa Aranda, Angel"]
[Result "1-0"]
[WhiteTitle "GM"]
[BlackTitle "IM"]
[WhiteElo "2716"]
[BlackElo "2442"]
[WhiteTeam "Clichy Echecs 92"]
[BlackTeam "Marseille Echecs"]
[WhiteFideId "12539929"]
[BlackFideId "2278189"]
[EventDate "2023.06.01"]

1. e4 c5 2. Nc3 Nc6 3. Nf3 g6 4. Bb5 Bg7 5. d3 e5 6. Bg5 f6 7. Be3 d6 8. a3 Be6
9. b4 cxb4 10. axb4 Ne7 11. d4 exd4 12. Nxd4 Bf7 13. Nxc6 bxc6 14. Be2 O-O 15.
Ra6 d5 16. exd5 Nxd5 17. Nxd5 Bxd5 18. O-O f5 19. c4 Bf7 20. Qc2 Qc7 21. Bf3
Rac8 22. Bxc6 Rfd8 23. b5 Bd4 24. Bg5 Rf8 25. Re1 Bc5 26. g3 Rcd8 27. Bf4 Bd6
28. Bxd6 Rxd6 29. c5 Rd4 30. Qc3 Rfd8 31. Qa1 1-0

[Event "TCh-FRA Top 16 GpB 2023"]
[Site "Chartres FRA"]
[Date "2023.06.01"]
[Round "1.1"]
[Board "3"]
[White "Bacrot, Alexandre"]
[Black "Gharamian, Tigran"]
[Result "1/2-1/2"]
[BlackTitle "GM"]
[WhiteElo "2390"]
[BlackElo "2601"]
[WhiteTeam "Marseille Echecs"]
[BlackTeam "Clichy Echecs 92"]
[WhiteFideId "26076837"]
[BlackFideId "13301527"]
[EventDate "2023.06.01"]

1. Nf3 Nf6 2. g3 b6 3. Bg2 Bb7 4. O-O c5 5. c4 g6 6. b3 Bg7 7. Bb2 O-O 8. Nc3 d6
9. e3 Nbd7 10. d4 Ne4 11. Qc2 Nxc3 12. Bxc3 cxd4 13. Bxd4 Nf6 14. Rfd1 Rc8 15.
Qe2 Qc7 16. Rac1 Qb8 17. Ne1 a6 18. Bxb7 Qxb7 19. Qf3 Qxf3 20. Nxf3 Nd7 21. Kf1
Rc7 22. Bxg7 Kxg7 23. Ne1 1/2-1/2

[Event "TCh-FRA Top 16 GpB 2023"]
[Site "Chartres FRA"]
[Date "2023.06.01"]
[Round "1.1"]
[Board "4"]
[White "Amin, Bassem"]
[Black "Martinez Reyes, Pedro Ramon"]
[Result "1-0"]
[WhiteTitle "GM"]
[BlackTitle "FM"]
[WhiteElo "2690"]
[BlackElo "2376"]
[WhiteTeam "Clichy Echecs 92"]
[BlackTeam "Marseille Echecs"]
[WhiteFideId "10601457"]
[BlackFideId "3901807"]
[EventDate "2023.06.01"]

1. Nf3 d5 2. g3 Nf6 3. Bg2 e6 4. O-O Be7 5. d3 O-O 6. Nbd2 c5 7. e4 Nc6 8. Re1
b5 9. e5 Nd7 10. Nf1 Bb7 11. Bf4 Qc7 12. Ne3 Nd4 13. Nxd4 cxd4 14. Nxd5 Bxd5 15.
Bxd5 Rac8 16. Bb3 a5 17. a4 Nc5 18. axb5 Nxb3 19. cxb3 Qb6 20. Re4 Rfd8 21. Ra4
Rd5 22. Rc4 Rcd8 23. b4 axb4 24. Qa4 Rxb5 25. Rexd4 Rxd4 26. Rxd4 Qxd4 27. Qxb5
Qxb2 28. Qb8+ Bf8 29. Bg5 f6 30. exf6 Qb1+ 31. Kg2 Qxd3 32. fxg7 Kxg7 33. Bh6+
Kxh6 34. Qxf8+ Kg6 35. Qxb4 Qd5+ 36. f3 Qa2+ 37. Kh3 Kg7 38. Qd4+ Kf7 39. g4 Qe2
40. Qf4+ Kg7 41. Kh4 e5 42. Qg5+ Kf7 43. Qf5+ Kg7 44. h3 Qh2 45. g5 Kg8 46. Kh5
Qb2 47. Qe6+ Kg7 48. Qf6+ Kg8 49. Kh6 Qb7 50. h4 Qc7 51. h5 Qa7 52. Qxe5 Qb6+
53. g6 Qf6 54. Qxf6 1-0

[Event "TCh-FRA Top 16 GpB 2023"]
[Site "Chartres FRA"]
[Date "2023.06.01"]
[Round "1.1"]
[Board "5"]
[White "Lamaze, Simon"]
[Black "Libiszewski, Fabien"]
[Result "1/2-1/2"]
[WhiteTitle "FM"]
[BlackTitle "GM"]
[WhiteElo "2377"]
[BlackElo "2498"]
[WhiteTeam "Marseille Echecs"]
[BlackTeam "Clichy Echecs 92"]
[WhiteFideId "36069264"]
[BlackFideId "616834"]
[EventDate "2023.06.01"]

1. d4 Nf6 2. c4 g6 3. Nc3 Bg7 4. e4 d6 5. Be2 O-O 6. Be3 c6 7. h4 Qa5 8. Qd2 h5
9. f3 a6 10. Nh3 Bxh3 11. Rxh3 b5 12. a3 Nbd7 13. b4 Qc7 14. Rc1 bxc4 15. Bxc4
a5 16. b5 cxb5 17. Nxb5 Qb8 18. Bd3 Rc8 19. Rb1 Nb6 20. Qe2 Nfd7 21. Kf2 Rf8 22.
Rhh1 Qd8 23. g3 e5 24. d5 f5 25. exf5 gxf5 26. Kg2 Nc5 27. Bxc5 dxc5 28. d6 Rb8
29. Rbc1 Nd7 30. Bc4+ Kh7 31. a4 Rf6 32. Bd3 Qe8 33. Bc2 Kh8 34. Qc4 Qg6 35. Kh3
Bh6 36. Rce1 Rg8 37. Rhg1 e4 38. Qc3 Bg7 39. Qe3 Ne5 40. Bd1 Nd3 41. Ref1 f4 42.
Qxe4 fxg3 43. Qxg6 Rxg6 44. f4 Bd4 45. Nxd4 cxd4 46. Rf3 Nf2+ 47. Kg2 Nxd1 48.
Rxd1 Rxd6 49. Rxg3 1/2-1/2

[Event "TCh-FRA Top 16 GpB 2023"]
[Site "Chartres FRA"]
[Date "2023.06.01"]
[Round "1.1"]
[Board "6"]
[White "Tregubov, Pavel V."]
[Black "Ruperez Benito, Antonio"]
[Result "1-0"]
[WhiteTitle "GM"]
[BlackTitle "FM"]
[WhiteElo "2553"]
[BlackElo "2307"]
[WhiteTeam "Clichy Echecs 92"]
[BlackTeam "Marseille Echecs"]
[WhiteFideId "4115341"]
[BlackFideId "22245049"]
[EventDate "2023.06.01"]

1. e4 e6 2. d4 d5 3. e5 c5 4. c3 Qb6 5. Nf3 Nc6 6. Be2 Bd7 7. O-O Rc8 8. dxc5
Bxc5 9. b4 Bf8 10. Na3 Nge7 11. Rb1 Qd8 12. c4 dxc4 13. Bg5 Nb8 14. Nxc4 Rxc4
15. Bxc4 h6 16. Be3 b5 17. Bb3 Nbc6 18. a4 bxa4 19. Bxa4 Nd5 20. b5 Ncb4 21. Bd2
Qb6 22. Qb3 Bc5 23. Qc4 a5 24. Rbc1 Be7 25. Nd4 Bg5 26. Rfd1 Bxd2 27. Rxd2 O-O
28. Nc6 Rc8 29. Rdd1 Bxc6 30. bxc6 Qd8 31. g3 Qg5 32. Qd4 Qd8 33. Qc5 Qg5 34.
Qxa5 Qxe5 35. Rc4 Qb2 36. c7 Qa3 37. Rxb4 1-0

[Event "TCh-FRA Top 16 GpB 2023"]
[Site "Chartres FRA"]
[Date "2023.06.01"]
[Round "1.1"]
[Board "7"]
[White "Rottenwohrer Suarez, Juan"]
[Black "Delorme, Axel"]
[Result "0-1"]
[WhiteTitle "FM"]
[BlackTitle "GM"]
[WhiteElo "2265"]
[BlackElo "2483"]
[WhiteTeam "Marseille Echecs"]
[BlackTeam "Clichy Echecs 92"]
[WhiteFideId "32068182"]
[BlackFideId "632023"]
[EventDate "2023.06.01"]

1. d4 d5 2. c4 e6 3. Nc3 Nf6 4. cxd5 exd5 5. Bg5 Bb4 6. e3 h6 7. Bh4 g5 8. Bg3
Ne4 9. Qc2 h5 10. f3 Nxg3 11. hxg3 Qe7 12. Kf2 Be6 13. Bd3 c6 14. Nge2 Nd7 15.
a3 Bd6 16. b4 Kf8 17. Na4 Kg7 18. Nc5 Nf6 19. Qd2 Rag8 20. a4 b6 21. Na6 h4 22.
Rac1 Bd7 23. a5 Rh6 24. g4 Nxg4+ 25. fxg4 Bxg4 26. b5 c5 27. dxc5 bxc5 28. Rhf1
Re6 29. Bb1 Re8 30. e4 dxe4 31. Kg1 f5 32. Rce1 Rh6 33. Qd5 h3 34. Rxf5 Bxf5 35.
Qxf5 hxg2 36. Ng3 Bxg3 37. Rxe4 Be5 38. Nc7 Qxc7 39. Qxg5+ Rg6 40. Qxg6+ Kxg6
41. Rxe5+ Kf7 42. Bg6+ 0-1

[Event "TCh-FRA Top 16 GpB 2023"]
[Site "Chartres FRA"]
[Date "2023.06.01"]
[Round "1.1"]
[Board "8"]
[White "Broly, Mathilde"]
[Black "Belluire, Beatrice"]
[Result "1/2-1/2"]
[WhiteTitle "WFM"]
[WhiteElo "2113"]
[BlackElo "1985"]
[WhiteTeam "Clichy Echecs 92"]
[BlackTeam "Marseille Echecs"]
[WhiteFideId "20682794"]
[BlackFideId "26017296"]
[EventDate "2023.06.01"]

1. e4 e5 2. Nf3 Nc6 3. Bb5 a6 4. Ba4 Nf6 5. O-O d6 6. Re1 Bd7 7. c3 g6 8. d4 Bg7
9. Nbd2 O-O 10. Bc2 exd4 11. cxd4 Bg4 12. h3 Bxf3 13. Nxf3 Qd7 14. Bf4 Nb4 15.
Bb1 Rad8 16. Qd2 c5 17. d5 a5 18. a3 Qa4 19. Bg5 Na6 20. Bd3 c4 21. Bc2 Qb5 22.
Rab1 Nc5 23. Nd4 Qa6 24. Bh6 Rfe8 25. Bxg7 Kxg7 26. Qg5 Ncd7 27. Re3 Kh8 28. Qf4
Qb6 29. Nf3 Kg7 30. Ba4 Re7 31. Bxd7 Nxd7 32. e5 Nxe5 33. Nxe5 Rxe5 34. Rxe5
dxe5 35. Qxe5+ Qf6 36. Qe4 b5 37. a4 bxa4 38. Qxc4 Qe5 39. Rd1 Qxb2 40. Qxa4 Qb4
41. Qa1+ Kg8 42. Rd4 Qc5 43. Qd1 Qd6 44. g3 Qd7 45. h4 h5 46. d6 a4 47. Qxa4 1/2-1/2

[Event "TCh-FRA Top 16 GpB 2023"]
[Site "Chartres FRA"]
[Date "2023.06.01"]
[Round "1.2"]
[Board "1"]
[White "Moussard, Jules"]
[Black "Cheng, Bobby"]
[Result "1/2-1/2"]
[WhiteTitle "GM"]
[BlackTitle "GM"]
[WhiteElo "2655"]
[BlackElo "2560"]
[WhiteTeam "Asnieres Le Grand Echiquier"]
[BlackTeam "THF - St Quentin"]
[WhiteFideId "642908"]
[BlackFideId "4300033"]
[EventDate "2023.06.01"]

1. c4 e6 2. Nc3 d5 3. d4 c5 4. cxd5 exd5 5. dxc5 Nf6 6. Be3 Na6 7. Bd4 Bxc5 8.
e3 Bxd4 9. Qxd4 Nc7 10. Rd1 O-O 11. Nf3 Qe7 12. Be2 Bg4 13. O-O Rfd8 14. h3 Bh5
15. Qh4 Ne6 16. Rd2 Rd6 17. Rfd1 Rad8 18. Qb4 Qf8 19. Nd4 Nxd4 20. Qxd4 Bxe2 21.
Nxe2 a6 22. Rc2 R6d7 23. Rdc1 Qd6 24. b4 h6 25. a4 Re8 26. Ng3 g6 27. b5 axb5
28. axb5 h5 29. Ne2 Re4 30. Rc8+ Kg7 31. Qa1 Rc4 32. R8xc4 dxc4 33. Ng3 Qe6 34.
Qc3 h4 35. Nf1 Rc7 36. Nd2 Rc5 37. Nf3 Qe4 38. Nd2 Qe6 39. Nf3 Qe4 40. Rd1 Rd5
41. Rxd5 Qxd5 42. Nd2 Qxb5 43. Nxc4 Qc5 44. Qd3 b5 45. Nd6 b4 46. Nc4 Nd5 47.
Kf1 Nc3 48. Ke1 Qa7 1/2-1/2

[Event "TCh-FRA Top 16 GpB 2023"]
[Site "Chartres FRA"]
[Date "2023.06.01"]
[Round "1.2"]
[Board "2"]
[White "Dionisi, Thomas"]
[Black "Movsesian, Sergei"]
[Result "0-1"]
[WhiteTitle "IM"]
[BlackTitle "GM"]
[WhiteElo "2395"]
[BlackElo "2615"]
[WhiteTeam "THF - St Quentin"]
[BlackTeam "Asnieres Le Grand Echiquier"]
[WhiteFideId "651893"]
[BlackFideId "310204"]
[EventDate "2023.06.01"]

1. e4 c5 2. Nf3 e6 3. d4 cxd4 4. Nxd4 Nc6 5. Nc3 a6 6. Be2 d6 7. O-O Nf6 8. a4
Be7 9. Be3 O-O 10. f4 Qc7 11. Kh1 Nxd4 12. Qxd4 Bd7 13. e5 Ne8 14. Bf3 Bc6 15.
Ne4 Rd8 16. Qc3 Rc8 17. Rfd1 dxe5 18. Qxe5 Bd5 19. Qxc7 Nxc7 20. c3 f5 21. Nd2
Bxf3 22. Nxf3 Nd5 23. Bd2 Bf6 24. g3 Rfd8 25. a5 Rc7 26. Kg2 Kf7 27. Kf2 Rcd7
28. Ke2 h6 29. Rac1 Ne7 30. h4 Nc6 31. b4 e5 32. fxe5 Nxe5 33. Nxe5+ Bxe5 34.
Be1 Rxd1 35. Rxd1 Rxd1 36. Kxd1 g5 37. hxg5 hxg5 38. Ke2 Ke6 39. Kd3 g4 40. Bf2
f4 41. gxf4 Bxf4 42. Ke4 g3 43. Bb6 Bd2 44. Kd3 Be1 45. Bc7 Bf2 46. Ke2 Kd5 47.
Bb8 Kc4 48. Be5 Kb3 49. Bf6 Ba7 50. Kf3 Bb8 51. Bd4 Kc4 52. Bf6 Kd3 53. Bd4 g2
54. Kxg2 Bf4 0-1

[Event "TCh-FRA Top 16 GpB 2023"]
[Site "Chartres FRA"]
[Date "2023.06.01"]
[Round "1.2"]
[Board "3"]
[White "Esipenko, Andrey"]
[Black "Brochet, Philippe"]
[Result "1-0"]
[WhiteTitle "GM"]
[BlackTitle "IM"]
[WhiteElo "2682"]
[BlackElo "2399"]
[WhiteTeam "Asnieres Le Grand Echiquier"]
[BlackTeam "THF - St Quentin"]
[WhiteFideId "24175439"]
[BlackFideId "602469"]
[EventDate "2023.06.01"]

1. e4 c5 2. Nf3 a6 3. g3 b5 4. d4 cxd4 5. Nxd4 Bb7 6. Bg2 Nf6 7. Nc3 e6 8. a3 b4
9. axb4 Bxb4 10. O-O Qc7 11. Bd2 Nc6 12. Ra4 a5 13. Ncb5 Qb8 14. Bxb4 Nxb4 15.
e5 Bxg2 16. Nd6+ Ke7 17. Kxg2 Ne8 18. c3 Nc6 19. Nxc6+ dxc6 20. Nxf7 Rf8 21. Ng5
h6 22. Nh3 Qxb2 23. Nf4 Rf5 24. Ng6+ Kf7 25. Qd7+ Kxg6 26. Qxe6+ Nf6 27. Rg4+
Rg5 28. exf6 Qxc3 29. Rxg5+ hxg5 30. f7+ Qf6 31. Qe8 Qd8 1-0

[Event "TCh-FRA Top 16 GpB 2023"]
[Site "Chartres FRA"]
[Date "2023.06.01"]
[Round "1.2"]
[Board "4"]
[White "Heinz, Timothee"]
[Black "Oparin, Grigoriy"]
[Result "0-1"]
[WhiteTitle "FM"]
[BlackTitle "GM"]
[WhiteElo "2367"]
[BlackElo "2687"]
[WhiteTeam "THF - St Quentin"]
[BlackTeam "Asnieres Le Grand Echiquier"]
[WhiteFideId "623369"]
[BlackFideId "24125890"]
[EventDate "2023.06.01"]

1. d4 Nf6 2. Nf3 d5 3. c4 e6 4. Nc3 Nbd7 5. Bf4 Bb4 6. cxd5 exd5 7. e3 Ne4 8.
Qc2 g5 9. Be5 Rg8 10. Bd3 Bxc3+ 11. bxc3 g4 12. Bxe4 dxe4 13. Qxe4 Qe7 14. Nd2
Nxe5 15. dxe5 Rg5 16. Nc4 Be6 17. Qxb7 Rd8 18. Qc6+ Qd7 19. Qxd7+ Rxd7 20. Nd2
Rxe5 21. Ke2 Bf5 22. Rhd1 Bc2 23. Rdc1 Bd3+ 24. Ke1 Rh5 25. Nf1 Rb5 26. Rd1 Be4
27. g3 Rb2 28. Rxd7 Kxd7 29. Rd1+ Kc6 30. Rd2 Bc2 31. e4 Rb1+ 32. Ke2 Bxe4 33.
Ne3 f5 34. Nc4 Bf3+ 35. Ke3 Re1+ 36. Kd4 Re4+ 37. Kd3 Kc5 38. Ne3 f4 39. gxf4
Rxf4 40. Rb2 Ra4 41. Rb4 Rxb4 42. cxb4+ Kxb4 43. Nc2+ Kc5 44. Ne3 Kd6 45. Nc4+
Kd5 46. Nd2 Ke5 47. Ke3 Bd5 48. a3 c5 49. Nb1 h5 50. Nd2 Kf5 51. Nf1 Kg5 52. Ng3
c4 53. Ne2 Bf3 54. Ng1 Bg2 55. Ne2 Bf1 56. Nf4 c3 57. Ne6+ Kh4 58. Nf4 a5 59.
Nd5 c2 60. Kd2 Bd3 61. Nf4 Be4 62. Ne6 Bf5 63. Nf4 Kg5 64. Nd5 Be4 65. Nc3 Kf4
66. Ne2+ Ke5 0-1

[Event "TCh-FRA Top 16 GpB 2023"]
[Site "Chartres FRA"]
[Date "2023.06.01"]
[Round "1.2"]
[Board "5"]
[White "Cornette, Matthieu"]
[Black "Godart, Francois"]
[Result "1-0"]
[WhiteTitle "GM"]
[BlackTitle "IM"]
[WhiteElo "2578"]
[BlackElo "2387"]
[WhiteTeam "Asnieres Le Grand Echiquier"]
[BlackTeam "THF - St Quentin"]
[WhiteFideId "620084"]
[BlackFideId "208078"]
[EventDate "2023.06.01"]

1. d4 d5 2. Nf3 Nf6 3. Bf4 Bf5 4. e3 e6 5. c4 Bxb1 6. Rxb1 Bb4+ 7. Ke2 dxc4 8.
Qa4+ Nc6 9. Ne5 a5 10. a3 Bd6 11. Nxc6 Qd7 12. g3 Ra6 13. Bg2 Nd5 14. Bxd6 cxd6
15. Qxc4 Rxc6 16. Qb3 O-O 17. Bxd5 exd5 18. Qxd5 Rfc8 19. h3 Rc2+ 20. Kf3 Rd2
21. Rhc1 Rxc1 22. Rxc1 g6 23. Qxa5 Rxb2 24. g4 Ra2 25. Qa8+ Kg7 26. Rc8 h5 27.
Kg3 hxg4 28. Rg8+ Kf6 29. hxg4 Ra1 30. f3 d5 31. Qb8 Ke7 32. Qf8+ Ke6 33. f4 Rc1
34. Rxg6+ 1-0

[Event "TCh-FRA Top 16 GpB 2023"]
[Site "Chartres FRA"]
[Date "2023.06.01"]
[Round "1.2"]
[Board "6"]
[White "Monpeurt, Cyrielle"]
[Black "Degraeve, Jean-Marc"]
[Result "0-1"]
[WhiteTitle "WFM"]
[BlackTitle "GM"]
[WhiteElo "2147"]
[BlackElo "2463"]
[WhiteTeam "THF - St Quentin"]
[BlackTeam "Asnieres Le Grand Echiquier"]
[WhiteFideId "677400"]
[BlackFideId "600270"]
[EventDate "2023.06.01"]

1. e4 c5 2. Ne2 Nc6 3. Nbc3 g6 4. d4 cxd4 5. Nxd4 Bg7 6. Be3 Nf6 7. Nxc6 bxc6 8.
e5 Ng8 9. Bd4 Qa5 10. f4 Rb8 11. Qd2 Rxb2 12. Bc4 Rb7 13. O-O Nh6 14. f5 Nxf5
15. Bxf7+ Kd8 16. Rxf5 gxf5 17. Re1 Rb4 18. Ne2 Bh6 19. Qc3 Ra4 20. Qa1 e6 21.
Rd1 Ba6 22. Nc1 Bc4 23. Qb2 Ke7 24. Bh5 Bd5 25. Nb3 Bxb3 26. axb3 Rxd4 27. Qxd4
Qb6 28. Qxb6 axb6 29. Kf2 Bf4 30. Re1 Bxh2 31. Re3 Rg8 32. Bf3 Bg3+ 33. Ke2 Bf4 0-1

[Event "TCh-FRA Top 16 GpB 2023"]
[Site "Chartres FRA"]
[Date "2023.06.01"]
[Round "1.2"]
[Board "7"]
[White "Pelletier, Yannick"]
[Black "Le Hay, Thierry"]
[Result "1-0"]
[WhiteTitle "GM"]
[WhiteElo "2511"]
[BlackElo "2033"]
[WhiteTeam "Asnieres Le Grand Echiquier"]
[BlackTeam "THF - St Quentin"]
[WhiteFideId "1301837"]
[BlackFideId "639613"]
[EventDate "2023.06.01"]

1. d4 f5 2. g3 Nf6 3. Bg2 g6 4. c3 Nc6 5. d5 Ne5 6. Nf3 Nxf3+ 7. exf3 e5 8. dxe6
dxe6 9. Qxd8+ Kxd8 10. Bg5 Be7 11. Nd2 h6 12. Bf4 Bd6 13. Bxd6 cxd6 14. Nc4 Kc7
15. O-O-O Rd8 16. f4 Ng4 17. Rd2 d5 18. Na3 Bd7 19. Bf3 Nf6 20. h4 h5 21. Nc2 b5
22. Nb4 Ne8 23. Nd3 Nd6 24. b3 Nf7 25. Re1 Re8 26. Kb2 Rad8 27. Nc5 Bc8 28. Rd4
e5 29. Rxd5 e4 30. Rxd8 Rxd8 31. Be2 Kb6 32. b4 Rd2+ 33. Kb1 Rd8 34. Kc2 a5 35.
a3 Nd6 36. Rd1 Nf7 37. Rxd8 Nxd8 38. c4 axb4 39. axb4 Ne6 40. Nxe6 Bxe6 41. cxb5
Bg8 42. Kc3 Bf7 43. Kd4 Be8 44. Ke5 Bxb5 45. Bxb5 Kxb5 46. Kf6 Kxb4 47. Kxg6 1-0

[Event "TCh-FRA Top 16 GpB 2023"]
[Site "Chartres FRA"]
[Date "2023.06.01"]
[Round "1.2"]
[Board "8"]
[White "Bitbol-Delaveyne, Maelan"]
[Black "Guichard, Pauline"]
[Result "0-1"]
[BlackTitle "IM"]
[WhiteElo "2088"]
[BlackElo "2395"]
[WhiteTeam "THF - St Quentin"]
[BlackTeam "Asnieres Le Grand Echiquier"]
[WhiteFideId "20686242"]
[BlackFideId "639370"]
[EventDate "2023.06.01"]

1. Nf3 Nf6 2. g3 d5 3. Bg2 e6 4. O-O Bd6 5. c4 O-O 6. cxd5 exd5 7. Nc3 c6 8. d3
Re8 9. e4 dxe4 10. dxe4 Bg4 11. h3 Bxf3 12. Qxf3 Nbd7 13. Qe2 Be5 14. Rd1 Qe7
15. Be3 Bxc3 16. bxc3 Nc5 17. f3 h5 18. Qf2 Ne6 19. f4 Nxe4 20. Bxe4 Nf8 21.
Bxc6 bxc6 22. Bc5 Qf6 23. Bd4 Qf5 24. Kh2 Ng6 25. Rd2 h4 26. Rg1 Re4 27. Bxa7
hxg3+ 28. Rxg3 Rxf4 29. Qe3 Nh4 30. Bd4 Nf3+ 31. Kg2 Nh4+ 32. Kh2 f6 33. Qe7
Nf3+ 34. Kg2 Ng5 35. Re2 Qd5+ 36. Kg1 Rf3 37. Rxf3 Qxf3 38. Rg2 Rb8 39. Qe1
Nxh3+ 40. Kh2 Nf4 41. Rf2 Qh5+ 0-1

[Event "TCh-FRA Top 16 GpB 2023"]
[Site "Chartres FRA"]
[Date "2023.06.01"]
[Round "1.3"]
[Board "1"]
[White "Nihal, Sarin"]
[Black "Lucas, Arthur"]
[Result "1-0"]
[WhiteTitle "GM"]
[BlackTitle "IM"]
[WhiteElo "2681"]
[BlackElo "2326"]
[WhiteTeam "Mulhouse Philidor"]
[BlackTeam "Poitiers-Migne Echecs"]
[WhiteFideId "25092340"]
[BlackFideId "26093073"]
[EventDate "2023.06.01"]

1. Nf3 f5 2. d4 Nf6 3. c4 e6 4. a3 Be7 5. Nc3 O-O 6. e3 b6 7. Be2 Bb7 8. O-O Ne4
9. Nxe4 fxe4 10. Nd2 c5 11. dxc5 bxc5 12. Qc2 d5 13. b4 cxb4 14. cxd5 exd5 15.
axb4 Nc6 16. b5 Ne5 17. Ba3 Kh8 18. Bxe7 Qxe7 19. Nb3 Bc8 20. Qc5 Qf7 21. f3
exf3 22. Bxf3 Nxf3+ 23. Rxf3 Bf5 24. Raf1 Qd7 25. g4 Rfc8 26. Rxf5 1-0

[Event "TCh-FRA Top 16 GpB 2023"]
[Site "Chartres FRA"]
[Date "2023.06.01"]
[Round "1.3"]
[Board "2"]
[White "Tranchant, Sebastien"]
[Black "Bluebaum, Matthias"]
[Result "0-1"]
[WhiteTitle "FM"]
[BlackTitle "GM"]
[WhiteElo "2292"]
[BlackElo "2672"]
[WhiteTeam "Poitiers-Migne Echecs"]
[BlackTeam "Mulhouse Philidor"]
[WhiteFideId "626732"]
[BlackFideId "24651516"]
[EventDate "2023.06.01"]

1. d4 Nf6 2. c4 e6 3. Nc3 Bb4 4. e3 O-O 5. Ne2 d5 6. a3 Be7 7. Ng3 c5 8. dxc5
dxc4 9. Bxc4 Qxd1+ 10. Nxd1 Bxc5 11. b4 Be7 12. Bb2 b6 13. f3 Bb7 14. Rf1 Rc8
15. Rc1 a5 16. b5 Nbd7 17. Rf2 Nc5 18. Rfc2 Na4 19. Bxf6 Bxf6 20. Ke2 Be7 21.
Bb3 Nc5 22. Ba2 a4 23. Nb2 Ra5 24. Bc4 g6 25. Nf1 Kg7 26. Nd2 Rd8 27. Nd3 Nd7
28. Nb1 h5 29. h3 h4 30. Rc3 Nf6 31. Ne5 Bc5 32. Nd3 Bd6 33. Nd2 Ba8 34. Rb1 Rc8
35. Rbc1 Ra7 36. Nb1 Rd8 37. Ba2 Rad7 38. Rc8 Nh5 39. Rxd8 Rxd8 40. Nb2 Ng3+ 41.
Ke1 Nf5 42. Ke2 Ng3+ 43. Ke1 Nf5 44. Ke2 Bc5 45. Rc3 Nd6 46. Nxa4 Nxb5 47. Rd3
Rc8 48. Bc4 Bc6 49. Nxc5 bxc5 50. a4 Nc7 51. Ra3 Ra8 52. Nc3 Nd5 53. Bb5 Bxb5+
54. Nxb5 Ra5 55. Kd3 Nb6 56. Nc3 Kf6 57. Kc2 Nc4 58. Ne4+ Kg7 59. Rc3 Nb6 60.
Nxc5 Nd5 61. Rc4 Nxe3+ 62. Kb3 Nxc4 63. Kxc4 Kf6 64. Kb4 Ra8 65. a5 Rb8+ 66. Kc4
Ke7 67. a6 Kd6 68. Nd3 e5 0-1

[Event "TCh-FRA Top 16 GpB 2023"]
[Site "Chartres FRA"]
[Date "2023.06.01"]
[Round "1.3"]
[Board "3"]
[White "Narayanan, S.L."]
[Black "Salles, Louis"]
[Result "1-0"]
[WhiteTitle "GM"]
[BlackTitle "FM"]
[WhiteElo "2657"]
[BlackElo "2295"]
[WhiteTeam "Mulhouse Philidor"]
[BlackTeam "Poitiers-Migne Echecs"]
[WhiteFideId "5058422"]
[BlackFideId "20641826"]
[EventDate "2023.06.01"]

1. c4 c6 2. Nf3 d5 3. e3 Nf6 4. Nc3 e6 5. d4 Nbd7 6. Qc2 b6 7. b3 Bb7 8. Bb2 Bb4
9. a3 Bxc3+ 10. Qxc3 c5 11. Rd1 O-O 12. Ne5 Ne4 13. Qc2 cxd4 14. Nxd7 Qxd7 15.
Rxd4 f5 16. Be2 Qe7 17. O-O Rac8 18. f3 Nf6 19. Qc3 Kh8 20. Rfd1 Rc7 21. Qb4 Qf7
22. R4d2 Kg8 23. Be5 Rcc8 24. a4 dxc4 25. bxc4 Bc6 26. a5 Nd7 27. Bb2 Rb8 28.
axb6 axb6 29. Rd6 Rfc8 30. Qc3 Nc5 31. Qe5 Ba4 32. Ra1 h6 33. Bd4 Be8 34. Bxc5
Rxc5 35. Qxe6 Qxe6 36. Rxe6 Bf7 37. Re7 Re8 38. Rxe8+ Bxe8 39. Kf2 Bf7 40. Ra8+
Kh7 41. Ra4 Kg6 42. Rb4 Rc6 43. Bd3 Kf6 44. Ke2 g6 45. Kd2 Ke5 46. Kc3 Kd6 47.
e4 Be6 48. Kd4 Kc7 49. e5 Bd7 50. Rb2 Rc5 51. f4 g5 52. g4 fxg4 53. f5 h5 54. e6
Bc8 55. Re2 Kd6 56. e7 Bd7 57. e8=N+ Bxe8 58. Rxe8 1-0

[Event "TCh-FRA Top 16 GpB 2023"]
[Site "Chartres FRA"]
[Date "2023.06.01"]
[Round "1.3"]
[Board "4"]
[White "Saada, Julien"]
[Black "Rakotomaharo, Fy Antenaina"]
[Result "0-1"]
[WhiteTitle "FM"]
[BlackTitle "IM"]
[WhiteElo "2245"]
[BlackElo "2462"]
[WhiteTeam "Poitiers-Migne Echecs"]
[BlackTeam "Mulhouse Philidor"]
[WhiteFideId "625388"]
[BlackFideId "13100050"]
[EventDate "2023.06.01"]

1. d4 Nf6 2. Bg5 d5 3. Bxf6 gxf6 4. e3 c5 5. dxc5 e6 6. Nf3 Bxc5 7. Be2 Be7 8.
O-O O-O 9. c4 dxc4 10. Qc2 Qc7 11. Nbd2 Bd7 12. a4 Na6 13. Nxc4 Nc5 14. Nd4 Rac8
15. Rfc1 f5 16. b4 Nxa4 17. b5 Nb6 18. Rxa7 Nxc4 19. Qa2 Bc5 20. Rxc4 Qb6 21.
Raa4 e5 22. Nb3 Bxb5 23. Rxc5 Bxa4 24. Rxc8 Qxb3 25. Qxb3 Bxb3 26. Rc5 Ra8 27.
g4 Ra2 28. Kf1 fxg4 29. Rxe5 f6 30. Rb5 Ra1+ 31. Kg2 Ba4 32. Rb4 Bc6+ 33. Kg3
Rg1+ 34. Kf4 h5 35. e4 Rg2 36. Rb2 Kg7 37. Bc4 Rxh2 38. Bd5 Rh3 0-1